Partidos políticos de Venezuela - Estadísticas

Estadísticas generales
  • Esta prueba ha sido intentada 8 veces
  • La puntuación promedio es 10 de 32
Estadísticas de respuestas
Posición Líder Logo Respuesta % Correcto
Centro Juan Pablo Guanipa Primero Justicia
100%
Extrema izquierda Nicolás Maduro Partido Socialista Unido de Venezuela
88%
Centro-izquierda Henry Ramos Allup Acción Democrática
75%
Centro Enrique Márquez Centrados en la gente Movimiento
75%
Extrema izquierda Óscar Figuera Partido Comunista de Venezuela
75%
Centro-izquierda Gustavo Duque Fuerza Vecinal
63%
Izquierda Juan Barreto Redes de Respuesta de Cambios Comunitarios
63%
Centro-derecha María Corina Machado Vente Venezuela
50%
Extrema izquierda Pedro Arturo Moreno Bandera Roja
38%
Centro Roberto Enríquez Comité de Organización Política Electoral Independiente
38%
Izquierda Segundo Meléndez Movimiento al Socialismo
38%
Extrema izquierda Williams Benavides TUPAMARO
38%
Centro-izquierda Manuel Rosales Un Nuevo Tiempo
38%
Centro-izquierda Leopoldo López Voluntad Popular
38%
Centro-izquierda Andrés Velásquez La Causa R
25%
Izquierda Gilberto Giménez Prieto Movimiento Electoral del Pueblo
25%
Centro-izquierda Simón Calzadilla Movimiento por Venezuela
25%
Centro-derecha Henrique Salas Feo Proyecto Venezuela
25%
Centro-izquierda Rafael Rodríguez Mudarra Unión Republicana Democrática
25%
Centro-derecha Juan José Caldera Convergencia
13%
Centro Delsa Solórzano Encuentro Ciudadano
13%
Centro-izquierda Gelyna Mercado Movimiento Ecológico de Venezuela
13%
Centro-izquierda Didalco Bolívar Por la Democracia Social
13%
Centro-izquierda Claudio Fermín Soluciones para Venezuela
13%
Centro Henrique Capriles Radonski Unión y Cambio
13%
Centro Antonio Ecarri Alianza del Lápiz
0%
Centro-izquierda Henri Falcón Avanzada Progresista
0%
Centro-izquierda Timoteo Zambrano Cambiemos Movimiento Ciudadano
0%
Centro Javier Bertucci Esperanza por El Cambio
0%
Izquierda Vanesa Montero Movimiento Somos Venezuela
0%
Derecha José Antonio Araújo Opinión Nacional
0%
Derecha Nelson Ramírez Zabala ORDEN Movimiento Nacionalista
0%
No se encontraron pruebas coincidentes
Distribución de puntuación
Porcentaje de gente con cada puntuación
Porcentaje por número respondido
Historial de tus puntuaciones
No has intentado esta prueba.